| 000 | 00677nam a2200193Ia 4500 | ||
|---|---|---|---|
| 003 | GCL | ||
| 008 | 140319s9999 xx 000 0 ara d | ||
| 040 |
_aGCL / _cGCL |
||
| 082 | 0 | 4 |
_a324.2566 _bش ا |
| 100 | 1 | _aشوكت اشتى | |
| 245 | 1 | 0 |
_aالاحزاب اللبنانية : _bقراءة فى التجربة / _cشوكت اشتى |
| 250 | _aالاولى | ||
| 260 |
_aبيروت : _bمؤسسة الانتشار العربى ، _c2004 |
||
| 300 |
_a361 ص ؛ _c24 سم |
||
| 650 | 0 | 4 | _aالاحزاب السياسية - عضوية |
| 650 | 0 | 4 | _aلبنان - الاحزاب السياسية |
| 650 | 0 | 4 | _aالاحزاب السياسية - تمويل |
| 942 |
_2ddc _cBK |
||
| 999 |
_c8049 _d8049 |
||